Duševné vlastníctvo je majetok, ktorý treba ochraňovať. 2

Právna ochrana patentov, obchodných značiek, autorských práv a obchodného tajomstva. Zákony - ochrana duševného vlastníctva sa uskutočňuje na národnej báze. Odlišnosť ochrany v jednotlivých krajinách alebo regiónoch. Finančná stránka ochrany duševného vlastníctva.

Guardado en:
Detalles Bibliográficos
Autor principal: Hefter, L.R
Otros Autores: Litowitz, R.D
Formato: Capítulo de libro
Lenguaje:eslovaco
Materias:
Etiquetas: Agregar Etiqueta
Sin Etiquetas, Sea el primero en etiquetar este registro!

MARC

LEADER 00000naa a2200000 4500
001 r019181
005 20221213100757.3
041 0 |a slo 
044 |a SK 
245 1 0 |a Duševné vlastníctvo je majetok, ktorý treba ochraňovať. 2  |c L.R. Hefter, R.D. Litowitz 
520 |a Právna ochrana patentov, obchodných značiek, autorských práv a obchodného tajomstva. Zákony - ochrana duševného vlastníctva sa uskutočňuje na národnej báze. Odlišnosť ochrany v jednotlivých krajinách alebo regiónoch. Finančná stránka ochrany duševného vlastníctva. 
610 2 0 |a vlastníctvo duševné 
610 2 0 |a ochrana vlastníctva 
610 2 0 |a patenty 
610 2 0 |a známky ochranné 
610 2 0 |a právo autorské 
610 2 0 |a tajomstvo obchodné 
610 2 0 |a zákony 
100 1 |a Hefter, L.R. 
700 1 |a Litowitz, R.D.